000 00466nam a2200157Ia 4500
008 240729s9999 xx 000 0 und d
022 _a2159-6670
245 0 _aJournal of Aviation Technology and Engineering
260 _aUnited States
260 _bPurdue University Press
650 _a Motor vehicles. Aeronautics. Astronautics
650 _aTechnology
856 _uhttps://doaj.org/toc/7c103dd45a294243973743d1727eaf68
942 _2ddc
942 _cDOAJEJ
999 _c68693
_d68693
945 _a1
_bMadushi Gamage
_c1
_dMadushi Gamage